000 01268nam a2200397 a 4500
001 vtls000351932
003 NLI
005 20210602170039.0
008 110113s2004 enkd e 001 0 eng d
020 _a033376076X
_c£ 85.00
039 9 _y201101132018
_zVLOAD
040 _aNLI :
_beng
_cNLMARC21
041 0 _aeng
044 _aenk
082 0 4 _a332.042095
_222
100 1 _aKhan, Haider A.
_9360628
245 1 0 _aGlobal markets and financial crises in Asia :
_btowards a theory for the 21st centuy/
_cHaider A. Khan.
260 _aHampshire, England :
_bPalgrave Macmillan,
_cc2004
300 _axiv, 251 p. :
_bill.;
_c23 cm.
500 _aIncludes index
504 _aBibliography : p. 218 - 245
650 0 _aFinancial crises
_zAsia
_968632
650 0 _aCapital market
_zAsia
_9520298
650 0 _aMonetary policy
_zAsia
_9450413
650 0 _aInternational finance
_964383
650 0 _aGlobalization
_xEconomic aspects
_zAsia
_9478852
651 0 _aAsia
_xEconomic conditions
_y1945-
_975774
887 _aSantanu Chanda sg
901 _a548967
_b29.11.04
902 _aE 332.042095 K 527
904 _aSantanu Chanda
905 _asg
942 _2ddc
_cBKS
949 _AVIRTUAITEM
_D10012
_X100
_6PUR000548967ENG
999 _aVIRTUA40
_c308917
_d308917